| 000 | 00826cam a22002777a 4500 | ||
|---|---|---|---|
| 003 | CHAP | ||
| 005 | 20220329140448.0 | ||
| 008 | 971013s1970 r 00010 d | ||
| 010 | _a52335 | ||
| 011 | _a53307 | ||
| 035 | _a57457 | ||
| 040 | _cCHAP | ||
| 082 |
_a633.15 _bP8 |
||
| 100 | 0 | 0 |
_aPortal, Martha. _990969 |
| 245 | 1 | 3 |
_aEl maíz _b: grano sagrado de América |
| 260 |
_aMadrid : _bEdiciones Cultura Hispánica, _c1970 |
||
| 300 |
_a141 p. _b: ilus. |
||
| 590 |
_aBATCH-UPD _b10 _c20130110 _lUCH01 _h0817 |
||
| 590 |
_aBATCH-UPD _b10 _c20130410 _lUCH01 _h0454 |
||
| 590 |
_aBATCH-UPD _b10 _c20130914 _lUCH01 _h1753 |
||
| 590 |
_aCONVERSION _b10 _c20130109 _lUCH01 _h1328 |
||
| 650 | 1 | 4 |
_aMaíz _xHistoria. _970972 |
| 901 | _aBK | ||
| 942 | _cLIBRO | ||
| 949 |
_a633.15 P8 _bBC _cLIBRO _d33724000849535 _eLIBRO _h33635 _i57457 _si |
||
| 999 |
_c52335 _d52335 |
||